| 000 | 00480nam a22001575i 4500 | ||
|---|---|---|---|
| 001 | 48482 | ||
| 003 | ES-MaACL | ||
| 007 | t| | ||
| 008 | 950721s1868 fr ||||1| fre d | ||
| 040 |
_aCAM _bspa _cCAM |
||
| 100 | 1 |
_aDelanoüe, J. _943314 |
|
| 245 | 1 | 0 |
_aNature, âge et influence du prétendu granite tertiaire de l'ile d'Elbe / _cpar J. Delanoüe. |
| 260 |
_a[S.l., _cs.n. _cs.a.] ( _eParis : _fEdouard Blot) |
||
| 300 |
_ap. 834-837 ; _c22 cm. |
||
| 852 |
_aES-MaACL _jT-908-F-2 |
||
| 999 |
_c48482 _d48482 |
||